Hollow-Cathode Low-Pressure Arc Discharges and Their Application in Plasma Generators and Charged-Particle Sources; Russian Physics Journal; Vol. 44, iss. 9
| Источник: | Russian Physics Journal.— , 1965- Vol. 44, iss. 9.— 2001.— [P. 927-936] |
|---|---|
| Другие авторы: | , , , , , |
| Примечания: | Title screen This paper presents the results of a study of hollow-cathode arc discharges which generate gas-discharge plasmas of densities 1010–1012 cm–3 in large volumes (?1 m3) at low pressures (10–2–1 Pa) and at discharge currents of up to 200 A. Consideration is given to the design and peculiarities of hot-cathode and cold-cathode discharge systems. The parameters of plasma generators and charged-particle sources where use is made of arc discharges are cited and the problems of the most efficient application of such systems in technological processes of solid surface modification are discusse Режим доступа: по договору с организацией-держателем ресурса |
| Язык: | английский |
| Опубликовано: |
2001
|
| Предметы: | |
| Online-ссылка: | http://dx.doi.org/10.1023/A:1014353721504 |
| Формат: | Электронный ресурс Статья |
| Запись в KOHA: | https://koha.lib.tpu.ru/cgi-bin/koha/opac-detail.pl?biblionumber=648803 |
MARC
| LEADER | 00000naa0a2200000 4500 | ||
|---|---|---|---|
| 001 | 648803 | ||
| 005 | 20250225142936.0 | ||
| 035 | |a (RuTPU)RU\TPU\network\13962 | ||
| 035 | |a RU\TPU\network\13884 | ||
| 090 | |a 648803 | ||
| 100 | |a 20160606d2001 k||y0rusy50 ba | ||
| 101 | 0 | |a eng | |
| 135 | |a drcn ---uucaa | ||
| 181 | 0 | |a i | |
| 182 | 0 | |a b | |
| 200 | 1 | |a Hollow-Cathode Low-Pressure Arc Discharges and Their Application in Plasma Generators and Charged-Particle Sources |f L. G. Vintizenko [et al.] | |
| 203 | |a Text |c electronic | ||
| 300 | |a Title screen | ||
| 330 | |a This paper presents the results of a study of hollow-cathode arc discharges which generate gas-discharge plasmas of densities 1010–1012 cm–3 in large volumes (?1 m3) at low pressures (10–2–1 Pa) and at discharge currents of up to 200 A. Consideration is given to the design and peculiarities of hot-cathode and cold-cathode discharge systems. The parameters of plasma generators and charged-particle sources where use is made of arc discharges are cited and the problems of the most efficient application of such systems in technological processes of solid surface modification are discusse | ||
| 333 | |a Режим доступа: по договору с организацией-держателем ресурса | ||
| 461 | |t Russian Physics Journal |d 1965- | ||
| 463 | |t Vol. 44, iss. 9 |v [P. 927-936] |d 2001 | ||
| 610 | 1 | |a электронный ресурс | |
| 610 | 1 | |a труды учёных ТПУ | |
| 701 | 1 | |a Vintizenko |b L. G. | |
| 701 | 1 | |a Grigoriev |b S. V. | |
| 701 | 1 | |a Koval |b N. N. |c specialist in the field of electronics |c Professor of Tomsk Polytechnic University, Doctor of technical sciences |f 1948- |g Nikolay Nikolaevich |3 (RuTPU)RU\TPU\pers\34748 |9 18098 | |
| 701 | 1 | |a Tolkachev |b V. S. | |
| 701 | 1 | |a Lopatin |b I. V. | |
| 701 | 1 | |a Schanin |b P. M. | |
| 801 | 2 | |a RU |b 63413507 |c 20161018 |g RCR | |
| 856 | 4 | |u http://dx.doi.org/10.1023/A:1014353721504 | |
| 942 | |c CF | ||